00601nam a22001697a 450000500170000001000150001702000260003203500140005803700090007208200210008110000260010224501130012826000310024127001200027230000200039250000190041220241004143638.0 aENG-141905 c525.00a9788119403578 aEN-125437 bDBAD a345.40500263221 aMaheshwari, Bharat P. aThe Bharatiya Nyaya Sanhita, 2023 (45 of 2023 & TheIndian Penal Code (45 of 1860)/cBy Bharat P. Maheshwari  bLexis Nexisc2024aGurgaon a14th Floor; Building No. 10 Tower -B , DLF Cyber City ,Phase-IIbGurgaon e122002k+91-124-4774444l+91-124-4774100c a358p.c24cm(pb)i aIncludes index